Cuentos de los derviches (Record no. 143848)

MARC details
000 -LEADER
campo de control de longitud fija 01057nam a2200265 i 4500
001 - NÚMERO DE CONTROL
campo de control 143848
003 - IDENTIFICADOR DE NÚMERO DE CONTROL
campo de control ES-MaACL
005 - FECHA Y HORA DE LA ÚLTIMA TRANSACCIÓN
campo de control 20230906200905.0
007 - CAMPO FIJO DE DESCRIPCIÓN FÍSICA--INFORMACIÓN GENERAL
campo de control de longitud fija t|
008 - DATOS DE LONGITUD FIJA--INFORMACIÓN GENERAL
campo de control de longitud fija 070214s1985 sp |||| | spa d
080 ## - NÚMERO DE LA CLASIFICACIÓN DECIMAL UNIVERSAL
Número de la Clasificación Decimal Universal 141.336
100 1# - ENTRADA PRINCIPAL--NOMBRE DE PERSONA
Nombre de persona Shah, Idries.
9 (RLIN) 105984
245 10 - MENCIÓN DEL TÍTULO
Título Cuentos de los derviches
Resto del título : historias-enseñanza de los maestros sufis a través de los últimos mil años : seleccionados de clásicos sufis, de tradiciones orales, de manuscritos inéditos y de escuelas de enseñanza sufi de muchos países /
Mención de responsabilidad, etc. Idries Shah ; introducción a la edición castellana de Robert Graves ; traducción de A. H. D. Halka.
250 ## - MENCION DE EDICION
Mención de edición 2ª reimp.
260 ## - PUBLICACIÓN, DISTRIBUCIÓN, ETC.
Lugar de publicación, distribución, etc. Barcelona ;
-- Buenos Aires :
Nombre del editor, distribuidor, etc. Paidós,
Fecha de publicación, distribución, etc. 1985.
300 ## - DESCRIPCIÓN FÍSICA
Extensión 237 p. ;
Dimensiones 20 cm.
490 1# - MENCIÓN DE SERIE
Mención de serie Paidós Orientalia ;
Designación de volumen o secuencia 9
650 #4 - PUNTO DE ACCESO ADICIONAL DE MATERIA--TÉRMINO DE MATERIA
Término de materia o nombre geográfico como elemento de entrada Sufismo.
9 (RLIN) 17256
650 04 - PUNTO DE ACCESO ADICIONAL DE MATERIA--TÉRMINO DE MATERIA
Término de materia o nombre geográfico como elemento de entrada Misticismo musulmán.
9 (RLIN) 15090
700 1# - ENTRADA AGREGADA--NOMBRE PERSONAL
Nombre de persona Graves, Robert.
9 (RLIN) 59783
700 1# - ENTRADA AGREGADA--NOMBRE PERSONAL
Nombre de persona Halka, A. H. D.
9 (RLIN) 61550
830 0# - PUNTO DE ACCESO ADICIONAL DE SERIE-TÍTULO UNIFORME
Título uniforme Paidós Orientalia ;
Designación de volumen o secuencia 9
9 (RLIN) 180381
852 ## - LOCALIZACIÓN
Ubicación ES-MaACL
Número de control de estantería L-11152
Holdings
Estatus retirado Estado de pérdida Estado de daño No para préstamo Biblioteca de origen Biblioteca actual Ubicación en estantería Fecha de adquisición Fuente de adquisición Total de préstamos Signatura topográfica completa Código de barras Visto por última vez Precio de reemplazo Tipo de ítem Koha
        Biblioteca del Ateneo de Madrid Biblioteca del Ateneo de Madrid Depósito 2 17/01/2008     L-11152 1149663 23/02/2023 23/02/2023 Libro impreso